| 000 | 00683nam a2200241 4500 | ||
|---|---|---|---|
| 008 | |||
| 020 | _a0443018294 (pbk.) | ||
| 049 | _aMAIN | ||
| 090 |
_aRC454 _bMOR |
||
| 100 | 1 | 0 | _aMorgan, H. G. |
| 245 | 1 | 0 |
_aAids to psychiatry / _cH. G. Morgan [and] M. H. Morgan |
| 260 | 0 |
_aEdinburgh : _bChurchill Livingstone, _c1979. |
|
| 300 |
_a157 p. : _bill. ; _c22 cm. |
||
| 504 | _aIncluding bibliographical references. | ||
| 500 | _aIncludes index. | ||
| 650 | 2 | _aPsychiatry. | |
| 700 | 1 | 0 | _aMorgan, M. H. |
| 907 |
_a.b1034830x _b20-10-14 _c20-10-14 |
||
| 003 | |||
| 005 | 20230120204140.0 | ||
| 040 | _cNUST | ||
| 942 |
_cBOOKS _kRC454 _mMOR |
||
| 999 |
_c118010 _d118010 |
||